000 00321nam a22001337a 4500
082 _a625.84
_bCON
_cL-39, P-197
100 _aA. C. I
_940962
245 _aConcrete pavement
260 _bA. C. I
300 _a76 p,;
_bill,:
_c26cm
526 _a0
_b0
_c0
_d625_840000000000000_CON
650 _aMCE
_9379
942 _2ddc
_cBK
999 _c550019
_d550019